Fallout Weapons - Statistics

General Stats
  • This quiz has been taken 468 times
  • The average score is 8 of 15
Answer Stats
Hint Answer % Correct
Shoots Mini-Nukes Fat-Man
96%
Gift from your dad on your 10th birthday BB Gun
85%
Shoots 5mm rounds in high speed Mini-Gun
77%
Rifle that shoots green energy bullets Plasma Rifle
75%
Mine made out of bottlecaps Bottlecap Mine
72%
A gun from space Alien Blaster
68%
"Home-Run!!" Baseball Bat
61%
Huge Freaking Hammer Super Sledge
58%
Flaming Sword Shish Kebab
55%
Butch's favourite knife Switchblade
43%
Most powerful revolver in the wasteland .44 Magnum Revolver
38%
Scoped revolver used for hunting Hunting Revolver
38%
Very powerfull Sniper rifle Anti-Material Rifle
37%
Load it with junk, and fire away! Rock-It Launcher
24%
A fist made out of the hand of the most dangerous predator in the wasteland Deathclaw Gaunlet
4%
No matching quizzes found
Score Distribution
Percent of People with Each Score
Percentile by Number Answered
Your Score History
You have not taken this quiz